LIBRARY & INFORMATION CENTRE, KCAET, TAVANUR

ONLINE PUBLIC ACCESS CATALOGUE (OPAC)

Plant propagation / (Record no. 8683)

MARC details
000 -LEADER
fixed length control field 00424cam a2200169ua 4500
041 ## - LANGUAGE CODE
Language code of text/sound track or separate title eng
082 ## - DEWEY DECIMAL CLASSIFICATION NUMBER
Classification number 631.533
Item number MAH/PL
100 ## - MAIN ENTRY--AUTHOR NAME
Personal name Mahlstede, John P .
245 ## - TITLE STATEMENT
Title Plant propagation /
250 ## - EDITION STATEMENT
Edition statement 1 /
260 ## - PUBLICATION, DISTRIBUTION, ETC. (IMPRINT)
Place of publication New York :
Name of publisher John Wiley & Sons ,
Year of publication 1957.
300 ## - PHYSICAL DESCRIPTION
Number of Pages 413 ; .
700 1# - ADDED ENTRY--PERSONAL NAME
Personal name Haber , Earnest S .
942 ## - ADDED ENTRY ELEMENTS (KOHA)
Koha item type Books
Holdings
Withdrawn status Lost status Damaged status Home library Current library Date acquired Full call number Accession Number Koha item type
      KAUAET KAUAET 07/04/2012 631.533 606 Books
free website counter